A textbook of degree mathematics (Record no. 7012)

MARC details
000 -LEADER
fixed length control field 00909 a2200229 4500
005 - DATE AND TIME OF LATEST TRANSACTION
control field 20080924101755.0
008 - FIXED-LENGTH DATA ELEMENTS--GENERAL INFORMATION
fixed length control field 080924t xxu||||| |||| 00| 0 eng d
010 ## - LCCN (DPL NO)
LC control number ENG-87811
020 ## - INTERNATIONAL STANDARD BOOK NUMBER
International Standard Book Number 8184120389
Terms of availability 425.00
035 ## - SYSTEM CONTROL NUMBER
System control number EN-71344
037 ## - SOURCE OF ACQUISITION
Source of stock number/acquisition D.B.Act / Pub
082 ## - DEWEY DECIMAL CLASSIFICATION NUMBER
Classification number 510
100 ## - MAIN ENTRY--PERSONAL NAME
Personal name Das, Nanda Ram
245 ## - TITLE STATEMENT
Title A textbook of degree mathematics
Statement of responsibility, etc by Nanda Ram Das and Pranjal Rajkhowa
260 ## - PUBLICATION, DISTRIBUTION, ETC. (IMPRINT)
Place of publication, distribution, etc New Delhi
Name of publisher, distributor, etc Asian Books
Date of publication, distribution, etc 2007
270 ## - ADDRESS
Address 7/28, Mahavir Lane, Vardan House, Ansari Road, Darya Ganj
City New Delhi
Postal code 110002
Telephone number 011-23287577, 011-23282098
Electronic mail address asian@asianbooksindia.com
300 ## - PHYSICAL DESCRIPTION
Extent Book- 1 (various paging)
Dimensions 24 cm. (Pbk)
500 ## - GENERAL NOTE
General note Includes index.
700 ## - ADDED ENTRY--PERSONAL NAME
Personal name Rajkhowa, Pranjal
942 ## - ADDED ENTRY ELEMENTS (KOHA)
Institution code [OBSOLETE] dpl
Item type English Books
Call number prefix 510 / DAS
Source of classification or shelving scheme Dewey Decimal Classification
Classification part 510
Call number suffix DAS
Holdings
Withdrawn status Lost status Source of classification or shelving scheme Damaged status Not for loan Collection code Home library Current library Date acquired Cost, normal purchase price Total Checkouts Full call number Barcode Date last seen Copy number Cost, replacement price Koha item type
    Dewey Decimal Classification   Not For Loan Non-fiction D.B.Act.Division D.B.Act.Division 24/09/2008 425.00   510 DAS EN-71344 15/09/2008 1 425.00 English Books

© Delhi Public Library
Hit Counter
free hit counter